Vista normal
Vista MARC
Entrada Personal Name
Número de registros utilizados en: 1
001 - CONTROL NUMBER
- control field: 4201
003 - CONTROL NUMBER IDENTIFIER
- control field: OSt
005 - DATE AND TIME OF LATEST TRANSACTION
- control field: 20240808092417.0
008 - FIXED-LENGTH DATA ELEMENTS
- fixed length control field: 240808|| aca||aabn | a|a d
040 ## - CATALOGING SOURCE
- Original cataloging agency: OSt
- Transcribing agency: OSt
100 ## - HEADING--PERSONAL NAME
- Personal name: Ruiz Torres, Francisco
670 ## - SOURCE DATA FOUND
- Source citation: Work cat.: (OSt)3168: Ruiz Torres, Francisco, Diccionario de términos médicos Inglés- Español /, 1995.